DATA MINING AND WAREHOUSING (Record no. 216105)

MARC details
000 -LEADER
fixed length control field 00373nam a22001457a 4500
008 - FIXED-LENGTH DATA ELEMENTS--GENERAL INFORMATION
fixed length control field 250916b |||||||| |||| 00| 0 eng d
020 ## - INTERNATIONAL STANDARD BOOK NUMBER
International Standard Book Number 979-8-88715-324-7
100 ## - MAIN ENTRY--PERSONAL NAME
Personal name SMITH, JOANNE
245 ## - TITLE STATEMENT
Title DATA MINING AND WAREHOUSING
260 ## - PUBLICATION, DISTRIBUTION, ETC.
Place of publication, distribution, etc. DUBLIN
Name of publisher, distributor, etc. ORYSON PRESS
Date of publication, distribution, etc. 2024
300 ## - PHYSICAL DESCRIPTION
Extent VIII, 264P.
500 ## - GENERAL NOTE
General note INCLUDES INDEX
942 ## - ADDED ENTRY ELEMENTS (KOHA)
Source of classification or shelving scheme Library of Congress Classification
Koha item type Long Loan Book
Holdings
Withdrawn status Lost status Source of classification or shelving scheme Damaged status Not for loan Home library Current library Date acquired Inventory number Total checkouts Full call number Barcode Date last seen Copy number Price effective from Koha item type
    Library of Congress Classification     Kisii University Library Kisii University Library 09/16/2025 109585   QA 76.9 .D343 S65 2024 000000024546 09/16/2025 1 09/16/2025 Long Loan Book
    Library of Congress Classification     Kisii University Library Kisii University Library 09/16/2025 109586   QA 76.9 .D343 S65 2024 000000024532 09/16/2025 2 09/16/2025 Long Loan Book
    Library of Congress Classification     Kisii University Library Kisii University Library 09/16/2025 109587   QA 76.9 .D343 S65 2024 000000024531 09/16/2025 3 09/16/2025 Long Loan Book
    Library of Congress Classification     Kisii University Library Kisii University Library 09/16/2025 109588   QA 76.9 .D343 S65 2024 000000024530 09/16/2025 4 09/16/2025 Long Loan Book